00322nam a2200121 a 450000500170000000800410001705000240005824500140008226000590009630000110015544000210016665000130018720140513081048.0020906s19uu xx 00 eng d aP 513.214bDIV 2001 aDivision. aQuezon City, Philippines :bMabuhay Boardgames,c2001. aPoster aTeacher's Choice aDivision